Resistencia a la compresión paralela a la fibra de la guadua angustifolia y determinación del módulo de elasticidad

Uloženo v:
Podrobná bibliografie
Hlavní autor: Takeuchi Tam, Caori Patricia
Korporativní autor: e-libro, Corp
Další autoři: González, César Emilio
Médium: Článek
Jazyk:španělština
Vydáno: [Bogotá] : Pontificia Universidad Javeriana, 2007.
Témata:
On-line přístup:https://elibro.unach.elogim.com/es/lc/unach/titulos/32761
Tagy: Přidat tag
Žádné tagy, Buďte první, kdo vytvoří štítek k tomuto záznamu!

MARC

LEADER 00000nab a2200000 a 4500
001 ELB32761
003 FlNmELB
006 m o d |
007 cr cn|||||||||
008 201101r2007 ck |||||s|||||||||||spa d
022 |a 0123-2126 
035 |a (OCoLC)955414620 
040 |a FlNmELB  |b spa  |c FlNmELB 
050 4 |a TA405  |b T136 2007 
080 |a 620 
082 0 4 |a 620.112  |2 22 
100 1 |a Takeuchi Tam, Caori Patricia. 
210 1 0 |a Ing. Univ. 
222 0 |a Ingeniería y universidad 
245 1 0 |a Resistencia a la compresión paralela a la fibra de la guadua angustifolia y determinación del módulo de elasticidad  |h [recurso electronico] /  |c Caori Patricia Takeuchi Tam, César Emilio González. 
260 |a [Bogotá] :  |b Pontificia Universidad Javeriana,  |c 2007. 
300 |a 89-104 p. 
310 |a Semestral 
362 0 |a Vol. 11, Num. 1 (Enero Jun. 2007)- 
533 |a Recurso electrónico. Santa Fe, Arg.: e-libro, 2015. Disponible vía World Wide Web. El acceso puede estar limitado para las bibliotecas afiliadas a e-libro. 
650 0 |a Resistencia de materiales. 
650 0 |a Strength of materials. 
655 4 |a Artículos electrónicos. 
700 1 |a González, César Emilio. 
710 2 |a e-libro, Corp. 
740 0 2 |a Ingeniería y universidad. 
856 4 0 |u https://elibro.unach.elogim.com/es/lc/unach/titulos/32761